World soil resources reports N.82 Potential for forage legumes on land in West Africa: Land productivity assessment of legumes for crop-livestock systems
Αποθηκεύτηκε σε:
| Κύριος συγγραφέας: | |
|---|---|
| Μορφή: | Βιβλίο |
| Γλώσσα: | Undetermined |
| Έκδοση: |
Rome
FAO
1996
|
| Θέματα: | |
| Ετικέτες: |
Προσθήκη ετικέτας
Δεν υπάρχουν, Καταχωρήστε ετικέτα πρώτοι!
|
| Thư viện lưu trữ: | Trung tâm Học liệu Trường Đại học Cần Thơ |
|---|
| LEADER | 00604nam a2200193Ia 4500 | ||
|---|---|---|---|
| 001 | CTU_16863 | ||
| 008 | 210402s9999 xx 000 0 und d | ||
| 082 | |a 631 | ||
| 082 | |b W927/N82 | ||
| 100 | |a FAO | ||
| 245 | 0 | |a World soil resources reports N.82 | |
| 245 | 0 | |b Potential for forage legumes on land in West Africa: Land productivity assessment of legumes for crop-livestock systems | |
| 245 | 0 | |c FAO | |
| 260 | |a Rome | ||
| 260 | |b FAO | ||
| 260 | |c 1996 | ||
| 650 | |a pastures,soil maps | ||
| 904 | |i Nguyễn Quang Điiền, 970611 | ||
| 980 | |a Trung tâm Học liệu Trường Đại học Cần Thơ | ||